|
|
|
|
| LEADER |
02854nam a2200709 4500 |
| 001 |
ocn843785587 |
| 003 |
OCoLC |
| 005 |
20170124071525.7 |
| 006 |
m o d |
| 007 |
cr ||||||||||| |
| 008 |
130516s2013 enk ob 001 0 eng |
| 010 |
|
|
|a 2013020084
|
| 040 |
|
|
|a DLC
|b eng
|e rda
|e pn
|c DLC
|d YDX
|d N$T
|d IDEBK
|d OCLCF
|d DG1
|d CUI
|d CDX
|d YDXCP
|d COO
|d B24X7
|d E7B
|d OCLCO
|d OCLCQ
|d DEBBG
|d GrThAP
|
| 019 |
|
|
|a 908034604
|
| 020 |
|
|
|a 9781118647844
|q (ePub)
|
| 020 |
|
|
|a 111864784X
|q (ePub)
|
| 020 |
|
|
|a 9781118647905
|q (MobiPocket)
|
| 020 |
|
|
|a 1118647904
|q (MobiPocket)
|
| 020 |
|
|
|a 9781118659397
|q (Adobe PDF)
|
| 020 |
|
|
|a 1118659392
|q (Adobe PDF)
|
| 020 |
|
|
|a 9781118647882
|q (electronic bk.)
|
| 020 |
|
|
|a 1118647882
|q (electronic bk.)
|
| 020 |
|
|
|a 1118503201
|q (hbk.)
|
| 020 |
|
|
|a 9781118503201
|q (hbk.)
|
| 020 |
|
|
|a 9781306169035
|q (MyiLibrary)
|
| 020 |
|
|
|a 1306169038
|q (MyiLibrary)
|
| 020 |
|
|
|z 9781118503201
|q (hardback)
|
| 029 |
1 |
|
|a CHBIS
|b 010441800
|
| 029 |
1 |
|
|a CHVBK
|b 33409626X
|
| 029 |
1 |
|
|a GBVCP
|b 79021069X
|
| 029 |
1 |
|
|a NZ1
|b 15495686
|
| 029 |
1 |
|
|a DEBBG
|b BV043395897
|
| 035 |
|
|
|a (OCoLC)843785587
|z (OCoLC)908034604
|
| 041 |
1 |
|
|a eng
|h ger
|
| 042 |
|
|
|a pcc
|
| 050 |
0 |
0 |
|a TK6563
|
| 072 |
|
7 |
|a TEC
|x 009070
|2 bisacsh
|
| 082 |
0 |
0 |
|a 621.3841/8
|2 23
|
| 084 |
|
|
|a TEC061000
|2 bisacsh
|
| 049 |
|
|
|a MAIN
|
| 100 |
1 |
|
|a Rudersdorfer, Ralf.
|
| 240 |
1 |
0 |
|a Funkempfängerkompendium.
|l English
|
| 245 |
1 |
0 |
|a Radio receiver technology :
|b principles, architectures, and applications /
|c Ralf Rudersdorfer, Ulrich Graf, Hans Zahnd.
|
| 264 |
|
1 |
|a Chichester, West Sussex, United Kingdom :
|b John Wiley & Sons Inc.,
|c 2013.
|
| 300 |
|
|
|a 1 online resource.
|
| 336 |
|
|
|a text
|b txt
|2 rdacontent
|
| 337 |
|
|
|a computer
|b c
|2 rdamedia
|
| 338 |
|
|
|a online resource
|b cr
|2 rdacarrier
|
| 500 |
|
|
|a Translation of: Funkempfängerkompendium.
|
| 520 |
|
|
|a "The purpose of this book is to provide the users of radio receivers with the required knowledge of the basic mechanisms and principles of present-day receiver technology"--
|c Provided by publisher.
|
| 504 |
|
|
|a Includes bibliographical references and index.
|
| 588 |
0 |
|
|a Print version record and CIP data provided by publisher.
|
| 546 |
|
|
|a Tranlsated from German.
|
| 650 |
|
0 |
|a Radio
|x Receivers and reception.
|
| 650 |
|
7 |
|a TECHNOLOGY & ENGINEERING
|x Mobile & Wireless Communications.
|2 bisacsh
|
| 650 |
|
7 |
|a Radio
|x Receivers and reception.
|2 fast
|0 (OCoLC)fst01087124
|
| 655 |
|
4 |
|a Electronic books.
|
| 700 |
1 |
|
|a Graf, Ulrich,
|d 1948-
|
| 700 |
1 |
|
|a Zahnd, Hans.
|
| 776 |
0 |
8 |
|i Print version:
|a Rudersdorfer, Ralf.
|t Radio receiver technology.
|d Chichester, West Sussex, United Kingdom : John Wiley & Sons Inc., 2013
|z 9781118503201
|w (DLC) 2013008682
|
| 856 |
4 |
0 |
|u https://doi.org/10.1002/9781118647882
|z Full Text via HEAL-Link
|
| 994 |
|
|
|a 92
|b DG1
|